000 00617cam a2200217 4500500
005 20260329005009.0
041 _afre
042 _adc
100 1 0 _aN’Diaye, Aïda
_eauthor
245 0 0 _aDans l’amitié d’une montagne
260 _c2022.
500 _a29
690 _aAlpinisme
690 _aBeauté
690 _aMarche
690 _aMarcher
690 _aMontagne
690 _aPascal Bruckner
786 0 _nPhilosophie magazine | 156 | 2 | 2022-02-01 | p. 68-68 | 1951-1787
856 4 1 _uhttps://shs.cairn.info/magazine-philosophie-magazine-2022-2-page-68?lang=fr&redirect-ssocas=7080
999 _c1839300
_d1839300